| 000 | 00000nam 2200000zi 4500 |
| 001 | 9.950469 |
| 003 | CaOODSP |
| 005 | 20250715142501 |
| 006 | m o d f |
| 007 | cr mn||||||||| |
| 008 | 250425s2025 onca os f000 0 eng d |
| 020 | |a9780660770338 |
| 040 | |aCaOODSP|beng|erda|cCaOODSP |
| 043 | |an-cn--- |
| 045 | |ay1y2 |
| 086 | 1 |aHP40-387/2022E-PDF |
| 245 | 00|aCIPARS 2022 : |bkey findings : surveillance of antimicrobial use and resistance in Canadian grower-finisher pigs. |
| 264 | 1|a[Ottawa] : |bPublic Health Agency of Canada = Agence de la santé publique du Canada, |c[2025] |
| 300 | |a1 online resource (1 page) : |bcolour illustrations |
| 336 | |atext|btxt|2rdacontent |
| 337 | |acomputer|bc|2rdamedia |
| 338 | |aonline resource|bcr|2rdacarrier |
| 500 | |aIssued also in French under title: PICRA 2022 : faits saillants : surveillance de l'utilisation et de la résistance aux antimicrobiens chez les porcs en croissance-finition au Canada. |
| 500 | |aThe publication file in PDF format has been replaced on 15 July 2025 as requested by the Public Health Agency of Canada. |
| 650 | 0|aSwine|xDiseases|zCanada|xPrevention|vStatistics. |
| 650 | 0|aAnti-infective agents in veterinary medicine|zCanada|vStatistics. |
| 650 | 0|aDrug resistance in microorganisms|zCanada|vStatistics. |
| 655 | 7|aStatistics|2lcgft |
| 655 | 7|aInfographics|2lcgft |
| 710 | 2 |aPublic Health Agency of Canada, |eissuing body. |
| 710 | 1 |aCanada. |bHealth Canada, |eissuing body. |
| 775 | 08|tPICRA 2022 : |w(CaOODSP)9.950471 |
| 856 | 40|qPDF|s511 KB|uhttps://publications.gc.ca/collections/collection_2025/aspc-phac/HP40-387-2022-eng.pdf |